Univerzitná knižnica

Enregistré dans:
Détails bibliographiques
Auteur principal: Páleník, Filip (Auteur)
Autres auteurs: Hraška, Jozef (Directeur de thèse)
Format: Manuscrit Livre
Langue:slovaque
Publié: 2023
Sujets:
Accès en ligne:http://is.stuba.sk/zp/portal_zp.pl?podrobnosti=170233
https://opac.crzp.sk/?fn=detailBiblioForm&sid=C0DEB8E07572332BAC210D15805F
Tags: Ajouter un tag
Pas de tags, Soyez le premier à ajouter un tag!

MARC

LEADER 00000ntm a22000003a 4500
001 stuzp93956
003 SK-STU
005 20230920111454.5
007 ta
008 150427s2015----xo-----f-mn---000-0-slo-d
040 |a STU  |b slo 
041 0 |a slo 
100 1 |a Páleník, Filip  |u 010180  |4 aut  |U SvF Stavebná fakulta  |T SvF Katedra konštrukcií pozemných stavieb  |X 93205  |U V180  |Y 18  |7 93205 
242 0 1 |a University library  |y eng 
245 1 0 |a Univerzitná knižnica 
260 |c 2023 
650 4 |a novostavba  |2 slo 
650 4 |a univerzitná knižnica  |2 slo 
650 4 |a projekt na realizáciu stavby  |2 slo 
650 4 |a university library  |2 eng 
650 4 |a implementation project  |2 eng 
650 4 |a new-building  |2 eng 
700 1 |a Hraška, Jozef  |4 ths  |X 899  |7 A000000899 
856 4 |u http://is.stuba.sk/zp/portal_zp.pl?podrobnosti=170233 
856 4 |u https://opac.crzp.sk/?fn=detailBiblioForm&sid=C0DEB8E07572332BAC210D15805F